Music Quiz

Random Music or Billboard Quiz

Billboard #1 Singles (1984) Quiz Stats

 Plays Quiz not verified by Sporcle

Score 0/20 Timer 04:00
0 Plays Today
Artist Song % Correct
YesOwner of a Lonely Heart
90%
Van HalenJump
90%
Ray Parker Jr.Ghostbusters
90%
Paul McCartney and Michael JacksonSay Say Say
88.3%
Wham!Wake Me Up Before You Go-Go
86.7%
Culture ClubKarma Chameleon
85%
Kenny LogginsFootloose
83.3%
MadonnaLike a Virgin
81.7%
Deniece WilliamsLet's Hear It for the Boy
80%
Lionel RichieHello
78.3%
Artist Song % Correct
Cyndi LauperTime After Time
78.3%
Tina TurnerWhat's Love Got to Do with It
78.3%
Stevie WonderI Just Called to Say I Love You
78.3%
PrinceWhen Doves Cry
76.7%
John WaiteMissing You
75%
Billy OceanCaribbean Queen (No More Love on the Run)
73.3%
Duran DuranThe Reflex
68.3%
Prince and the RevolutionLet's Go Crazy
61.7%
Phil CollinsAgainst All Odds (Take a Look at Me Now)
53.3%
Daryl Hall and John OatesOut of Touch
41.7%

You're not logged in!

Compare scores with friends on all Sporcle quizzes.
OR
Log In

Sporcle TV

Today on Sporcle TV


Watch our educational content, quiz creation guides, and fun videos on Sporcle TV.

Show Comments

Extras

Created Aug 30, 2017ReportNominate
Tags:Billboard Quiz, 1980s

Top Quizzes Today


Score Distribution

Your Account Isn't Verified!

In order to create a playlist on Sporcle, you need to verify the email address you used during registration. Go to your Sporcle Settings to finish the process.

Report this User

Report this user for behavior that violates our Community Guidelines.

Details: